000
00256nam a22001217a 4500
008
180119b xxu||||| |||| 00| 0 eng d
041
_a
eng
080
_a
338
100
_a
53
101
_a
MEN
245
_a
The super managers
_c
Heller,R
942
_2
udc
_c
BK
999
_c
40560
_d
40560